000
00337nam a2200145Ia 4500
008
150201s2013 xx 000 0 und d
082
_a
617
_b
M13B
100
_a
BHAT, M. SRIRAM
245
_a
MANUAL OF SURGERY
250
_a
4TH
260
_b
JAYPEE
_a
DELHI
_c
2013
300
_a
1-1336
650
_a
GENERAL SURGERY
942
_2
ddc
_c
BK
_0
45
999
_c
1712
_d
1712